000 00631nam a2200241Ia 4500
003 OSt
005 20220912150128.0
006 a|||||r|||| 00| 0
007 ta
008 220909b |||||||| |||| 00| 0 eng d
024 _a46846
037 _cTextual
040 _aCSL
_beng
_cCSL
041 _aeng
082 _aE5,8191:3, M7
100 _aCrompton T R
245 0 _aComprehensive organometallic analysis
260 _aNew York
_b Plenum Press
_c1987
300 _axxv,883p.
_ccm.
650 _aOrganic chemistry
942 _hE5,8191:3, M7
_cTEXL
_2CC
999 _c40315
_d40315